| 000 | 00381nab a22001097u 4500 | ||
|---|---|---|---|
| 008 | 130520b2003 xxu||||| |||| 00| 0 spa d | ||
| 041 | _aspa | ||
| 100 | 1 |
_aDiotallevi, Luca _955409 |
|
| 245 | 0 | 0 |
_a¿Se está sectarizando el catolicismo? Una antigua hipótesis para problemas nuevos _cLuca Diotallevi |
| 773 | 0 |
_tConcilium _gnº301,2003,págs. 125-140 _x0210-1041 _wRev134 |
|
| 942 | _cAR | ||
| 999 |
_c365041 _d365041 |
||